000 00657cam a2200205 a 4500
001 1180813
005 20241114092641.0
008 970528s1998 maua 001 0 eng
020 _a9780256259414
050 0 4 _aQA76.73.B3
_bB724 1998
082 0 0 _a005.26/8
_221
100 1 _aBradley, Julia Case.
245 1 0 _aProgramming in Visual Basic, version 5.0 /
_cJulia Case Bradley, Anita C. Millspaugh.
260 _aBoston :
_bIrwin/McGraw-Hill,
_c1998.
300 _axx, 588 p. :
_bill. (some col.) ;
_c28 cm.
500 _aIncludes index.
650 0 _aBASIC (Computer program language)
700 1 _aMillspaugh, Anita C.
_q(Anita C.)
942 _2lcc
_cBK
_n0
999 _c1163
_d1163